Conduite à gauche - Statistiques

Statistiques générales
  • Ce quiz a été pris 34 fois
    4 depuis la dernière actualisation
  • Le résultat moyen est 41 sur 57
Statistiques - réponses
Hint Réponse % Correct
Océanie Australie
100%
Asie Bangladesh
100%
Asie Bhoutan
100%
Europe Chypre
100%
Océanie Fidji
100%
Océanie Îles Marshall
100%
Asie Inde
100%
Asie Japon
100%
Europe Malte
100%
Asie Népal
100%
Océanie Nouvelle-Zélande
100%
Asie Pakistan
100%
Europe Royaume-Uni
100%
Océanie Samoa
100%
Asie Singapour
100%
Asie Sri Lanka
100%
Asie Thaïlande
100%
Océanie Tonga
100%
Amérique Trinité-et-Tobago
100%
Afrique Afrique du Sud
75%
Amérique Barbade
75%
Afrique Botswana
75%
Asie Brunei
75%
Amérique Dominique
75%
Afrique Eswatini
75%
Amérique Guyana
75%
Asie Indonésie
75%
Europe Irlande
75%
Amérique Jamaïque
75%
Océanie Kiribati
75%
Afrique Lesotho
75%
Asie Malaisie
75%
Asie Maldives
75%
Afrique Mozambique
75%
Afrique Namibie
75%
Océanie Nauru
75%
Amérique Suriname
75%
Afrique Zambie
75%
Afrique Zimbabwe
75%
Amérique Antigua-et-Barbuda
50%
Amérique Bahamas
50%
Amérique Grenade
50%
Océanie Îles Salomon
50%
Afrique Kenya
50%
Afrique Malawi
50%
Afrique Maurice
50%
Amérique Sainte-Lucie
50%
Afrique Seychelles
50%
Afrique Tanzanie
50%
Asie Timor Oriental
50%
Océanie Tuvalu
50%
Asie Hong Kong
25%
Afrique Ouganda
25%
Océanie Papouasie-Nouvelle-Guinée
25%
Amérique Saint-Christophe-et-Niévès
25%
Amérique Saint-Vincent-et-les-Grenadines
25%
Asie Macao
0%
Aucun quiz correspondant
Distribution des résultats
% des personnes avec chaque résultat
Percentile par nombre de réponses
Votre historique - résultats
Vous n’avez pas pris ce quiz depuis la dernière actualisation